Lawner.

Gorde:
Xehetasun bibliografikoak
Beste egile batzuk: Greene, Ricardo (Argitaratzailea)
Formatua: Ezezaguna
Argitaratua: Talca, Chile: Bifurcaciones, 2022.
Saila:Colección Influencia.
Gaiak:
Etiketak: Etiketa erantsi
Etiketarik gabe, Izan zaitez lehena erregistro honi etiketa jartzen!

MARC

LEADER 00000 a2200000 4500
003 CL-VaPUC
005 20240611122204.0
008 221011t2022 ||||| |||| 00| 0 eng d
999 |c 439044  |d 439042 
040 |c Pontificia Universidad Católica de Valparaíso 
082 7 |a 720.983 GRE 2022  |2 22 
100 1 |a Greene, Ricardo  |e editor  |9 877525 
245 |a Lawner. 
260 |a Talca, Chile:   |b Bifurcaciones,   |c 2022. 
300 |a 393 páginas. 
490 |a Colección Influencia.  
583 |k Catalogador Asistente  |c 20221011 
600 |a Lawner, Miguel,   |d 1928-  |x Arquitecto   |z Chile  |x Vida y obra  |9 877526 
650 0 |a Arquitectos chilenos  |9 451494 
942 |2 ddc  |c BK 
952 |0 0  |1 0  |2 ddc  |4 0  |6 720_983000000000000_GRE_2022  |7 0  |8 A  |9 587129  |a BIBART  |b BIBART  |c GEN  |d 2022-10-07  |e 135  |g 24000.00  |i 5655061  |l 1  |o 720.983 GRE 2022  |p 5655061  |r 2025-03-13  |s 2022-11-07  |t 1  |v 24000.00  |w 2022-10-07  |y BK  |k ART